Schaum's outline of theory and problems of vector analysis and an introduction to tenser analysis (Record no. 80338)
[ view plain ]
| 000 -LEADER | |
|---|---|
| fixed length control field | 00764nam a2200169 a 4500 |
| 008 - FIXED-LENGTH DATA ELEMENTS--GENERAL INFORMATION | |
| fixed length control field | 120416s1959 ||||||||||||||||| || u |
| 050 ## - LIBRARY OF CONGRESS CALL NUMBER | |
| Classification number | QA 433 Spi |
| 100 ## - MAIN ENTRY--PERSONAL NAME | |
| Personal name | Spiegel, Murray R |
| 245 10 - TITLE STATEMENT | |
| Title | Schaum's outline of theory and problems of vector analysis and an introduction to tenser analysis |
| 260 ## - PUBLICATION, DISTRIBUTION, ETC. | |
| Place of publication, distribution, etc. | New York |
| Name of publisher, distributor, etc. | Shaum |
| Date of publication, distribution, etc. | 1959 |
| 300 ## - PHYSICAL DESCRIPTION | |
| Extent | [iv], 225p.:ill. |
| 350 ## - | |
| -- | 0.00 |
| 650 #0 - SUBJECT ADDED ENTRY--TOPICAL TERM | |
| Topical term or geographic name entry element | MATHEMATICS--HANDBOOKS, MANUALS, ETC |
| 650 ## - SUBJECT ADDED ENTRY--TOPICAL TERM | |
| Topical term or geographic name entry element | VECTOR ANALYSIS |
| 995 ## - | |
| -- | BINDERY (DAMAGED) |
| -- | 0.00 |
| -- | 715460 |
| -- | CBU-MAIN LIBRARY (Kitwe) |
| -- | 2 |
| -- | 2.40 |
| -- | QA 433 Spi |
| -- | 2 |
| -- | DAMAGED |
| -- | 715460 |
| -- | Main Library Open Access Collection |
| 995 ## - | |
| -- | BINDERY (DAMAGED) |
| -- | 0.00 |
| -- | 713362 |
| -- | CBU-MAIN LIBRARY (Kitwe) |
| -- | 1 |
| -- | 2.40 |
| -- | QA 433 Spi |
| -- | 1 |
| -- | DAMAGED |
| -- | 012666 |
| -- | Main Library Open Access Collection |
| 999 ## - | |
| -- | 80338 |
| -- | 80338 |
| Withdrawn status | Lost status | Source of classification or shelving scheme | Damaged status | Not for loan | Permanent Location | Current Location | Shelving location | Date acquired | Total Checkouts | Full call number | Barcode | Date last seen | Copy number | Price effective from | Koha item type |
|---|---|---|---|---|---|---|---|---|---|---|---|---|---|---|---|
| CBU-MAIN LIBRARY, KITWE. | CBU-MAIN LIBRARY, KITWE. | 06/29/2023 | QA 433 Spi | 715460 | 06/29/2023 | 1 | 06/29/2023 | MONOGRAPH | |||||||
| CBU-MAIN LIBRARY, KITWE. | CBU-MAIN LIBRARY, KITWE. | 06/29/2023 | QA 433 Spi | 012666 | 06/29/2023 | 2 | 06/29/2023 | MONOGRAPH |